[Event "Liga Madrileña - DH 2014-2015"]
[Site "Madrid ESP"]
[Date "2014.11.30"]
[Round "2.35"]
[White "Bermejo Arruego, Luis"]
[Black "Collado Barbas, Laura"]
[Result "0-1"]
[WhiteElo "2174"]
[BlackElo "2132"]
[PlyCount "70"]
[EventDate "2014.11.23"]
[EventType "team-tourn"]
[EventRounds "14"]
[EventCountry "ESP"]
[Source "lmi"]
[SourceDate "2014.11.23"]
[WhiteTeam "Collado Villalba"]
[BlackTeam "La Casa del Ajedrez"]
[WhiteTeamCountry "ESP"]
[BlackTeamCountry "ESP"]

1. e4 e6 2. d4 d5 3. e5 c5 4. c3 Qb6 5. Nf3 Nc6 6. Be2 Bd7 7. O-O cxd4 8. cxd4
Nge7 9. Nc3 Nf5 10. Na4 Qd8 11. a3 b6 12. b4 Rc8 13. Bb2 Be7 14. Bd3 g5 15. g4
Ng7 16. h3 O-O 17. Bb1 f5 18. exf6 Bxf6 19. Qd3 Ne7 20. Qxh7+ Kf7 21. Nc3 Rh8
22. Qd3 Rh6 23. Ne5+ Bxe5 24. dxe5 Qh8 25. Kh2 Ng6 26. Ne2 Rc4 27. f4 Nxf4 28.
Nxf4 gxf4 29. Rf3 Rh4 30. Qg6+ Kg8 31. Bd3 Be8 32. Qg5 Re4 33. Rc1 Re3 34. Rc8
Rxh3+ 35. Kg1 Rh1+ 0-1

[Event "Liga Madrileña - DH 2014-2015"]
[Site "Madrid ESP"]
[Date "2014.11.30"]
[Round "2.36"]
[White "Unciti Juan, Javier"]
[Black "Cao Armillas, Jesus"]
[Result "1/2-1/2"]
[WhiteElo "2110"]
[BlackElo "2113"]
[PlyCount "104"]
[EventDate "2014.11.23"]
[EventType "team-tourn"]
[EventRounds "14"]
[EventCountry "ESP"]
[Source "lmi"]
[SourceDate "2014.11.23"]
[WhiteTeam "La Casa del Ajedrez"]
[BlackTeam "Collado Villalba"]
[WhiteTeamCountry "ESP"]
[BlackTeamCountry "ESP"]

1. e4 c5 2. Nf3 d6 3. d4 cxd4 4. Nxd4 Nf6 5. Nc3 a6 6. h3 Nc6 7. Be3 e6 8. Qd2
Be7 9. g4 Qc7 10. f4 h6 11. O-O-O Bd7 12. Nb3 b5 13. Bg2 b4 14. Ne2 Rc8 15. Kb1
a5 16. Nbd4 g6 17. Ng3 Nxd4 18. Bxd4 e5 19. Be3 a4 20. f5 g5 21. Bf1 Qb7 22.
Bd3 Bc6 23. Rhe1 b3 24. cxb3 axb3 25. a3 Nxe4 26. Nxe4 Bxe4 27. Bxe4 Qxe4+ 28.
Qd3 Qxd3+ 29. Rxd3 h5 30. Bd2 hxg4 31. hxg4 Rh2 32. Bc3 Rc4 33. f6 Bxf6 34.
Rxd6 Ke7 35. Rb6 Rxg4 36. Bxe5 Bxe5 37. Rxe5+ Kd7 38. Rxb3 Rg1+ 39. Ka2 Rf2 40.
Rd3+ Kc6 41. Re8 Rgg2 42. Rb3 f5 43. a4 Rf4 44. Ra8 g4 45. Ka3 Rg1 46. Rc3+ Kb7
47. Ra5 Ra1+ 48. Kb3 Re4 49. Rb5+ Ka6 50. Rc6+ Ka7 51. Rc7+ Ka6 52. Rc6+ Ka7
1/2-1/2

[Event "Liga Madrileña - DH 2014-2015"]
[Site "Madrid ESP"]
[Date "2014.11.30"]
[Round "2.11"]
[White "Almagro Llamas, Pablo"]
[Black "Solaesa Navalpotro, Luis Julio"]
[Result "1-0"]
[WhiteElo "2487"]
[BlackElo "2251"]
[PlyCount "49"]
[EventDate "2014.11.23"]
[EventType "team-tourn"]
[EventRounds "14"]
[EventCountry "ESP"]
[Source "lmi"]
[SourceDate "2014.11.23"]
[WhiteTeam "Virgen de Atocha"]
[BlackTeam "Moratalaz"]
[WhiteTeamCountry "ESP"]
[BlackTeamCountry "ESP"]

1. d4 Nf6 2. Nf3 e6 3. c4 Bb4+ 4. Nbd2 d5 5. Qa4+ Nc6 6. e3 O-O 7. Bd3 Re8 8.
O-O Bd7 9. Qc2 Bf8 10. a3 g6 11. b4 a6 12. Bb2 dxc4 13. Nxc4 b5 14. Nfe5 Nxe5
15. Nxe5 a5 16. Bc3 a4 17. Bb2 Ra6 18. Rac1 Bd6 19. f4 c6 20. Rf3 Nd5 21. e4
Nxf4 22. Rxf4 f6 23. Nf7 Kxf7 24. e5 Be7 25. exf6 1-0

[Event "Liga Madrileña - DH 2014-2015"]
[Site "Madrid ESP"]
[Date "2014.11.30"]
[Round "2.12"]
[White "Gonzalez Rivera, Eduardo"]
[Black "Rubio Mejia, Luis Ignacio"]
[Result "0-1"]
[WhiteElo "2092"]
[BlackElo "2453"]
[PlyCount "70"]
[EventDate "2014.11.23"]
[EventType "team-tourn"]
[EventRounds "14"]
[EventCountry "ESP"]
[Source "lmi"]
[SourceDate "2014.11.23"]
[WhiteTeam "Moratalaz"]
[BlackTeam "Virgen de Atocha"]
[WhiteTeamCountry "ESP"]
[BlackTeamCountry "ESP"]

1. e4 c5 2. Nf3 e6 3. d4 cxd4 4. Nxd4 Nc6 5. g3 a6 6. Bg2 Qc7 7. O-O d6 8. Nc3
Bd7 9. Be3 Nf6 10. Qe2 Be7 11. Rad1 O-O 12. f4 Rac8 13. Nb3 b5 14. a3 b4 15.
axb4 Nxb4 16. g4 d5 17. exd5 Nfxd5 18. Nxd5 Nxd5 19. Bxd5 exd5 20. Nd4 Rfe8 21.
Qf3 Bc5 22. f5 Qb6 23. Kh1 Re4 24. c3 Qxb2 25. Bc1 Qb6 26. Ne2 Bb5 27. Ng3 Bxf1
28. Nxe4 dxe4 29. Qxf1 Qc6 30. Qe2 h6 31. Rf1 e3+ 32. Kg1 Qe4 33. Re1 Re8 34.
Qg2 e2+ 35. Kh1 Bf2 0-1

[Event "Liga Madrileña - DH 2014-2015"]
[Site "Madrid ESP"]
[Date "2014.11.30"]
[Round "2.13"]
[White "Martinez Martin, David"]
[Black "Cortes Jurado, Rafael"]
[Result "1-0"]
[WhiteElo "2407"]
[BlackElo "2058"]
[PlyCount "63"]
[EventDate "2014.11.23"]
[EventType "team-tourn"]
[EventRounds "14"]
[EventCountry "ESP"]
[Source "lmi"]
[SourceDate "2014.11.23"]
[WhiteTeam "Virgen de Atocha"]
[BlackTeam "Moratalaz"]
[WhiteTeamCountry "ESP"]
[BlackTeamCountry "ESP"]

1. Nf3 Nf6 2. c4 g6 3. g3 Bg7 4. Bg2 O-O 5. O-O c6 6. d4 d5 7. cxd5 cxd5 8. Ne5
Nc6 9. Nxc6 bxc6 10. Nd2 Ba6 11. Nb3 Nd7 12. Be3 Rb8 13. Qd2 Nb6 14. Na5 Nc4
15. Nxc4 Bxc4 16. b3 Bb5 17. Rac1 Qb6 18. Rc5 a5 19. Rfc1 a4 20. b4 a3 21. Bf4
Rbd8 22. R1c3 Qa6 23. e3 Rfe8 24. Qc1 Qa4 25. Bc7 Ra8 26. Ba5 Rxa5 27. bxa5 e5
28. Rxa3 Qb4 29. a6 exd4 30. a7 Ra8 31. Rb3 Qa4 32. Rbxb5 1-0

[Event "Liga Madrileña - DH 2014-2015"]
[Site "Madrid ESP"]
[Date "2014.11.30"]
[Round "2.14"]
[White "Garcia Ruido, Ricardo"]
[Black "Congiu, Mathilde"]
[Result "0-1"]
[WhiteElo "2053"]
[BlackElo "2317"]
[PlyCount "84"]
[EventDate "2014.11.23"]
[EventType "team-tourn"]
[EventRounds "14"]
[EventCountry "ESP"]
[Source "lmi"]
[SourceDate "2014.11.23"]
[WhiteTeam "Moratalaz"]
[BlackTeam "Virgen de Atocha"]
[WhiteTeamCountry "ESP"]
[BlackTeamCountry "ESP"]

1. e4 c5 2. Nf3 d6 3. d4 cxd4 4. Nxd4 Nf6 5. Nc3 a6 6. h3 e5 7. Nde2 h5 8. Bg5
Be7 9. Ng3 h4 10. Nf5 Bxf5 11. exf5 Nbd7 12. Bc4 Qa5 13. Bxf6 Nxf6 14. Bd5 Rc8
15. Bxb7 Rc7 16. Bf3 e4 17. Bg4 O-O 18. O-O Rb8 19. Qd4 Rb4 20. Qe3 d5 21. Ne2
Rxb2 22. Nd4 Qa3 23. Rfb1 Bd6 24. Qxa3 Bxa3 25. Bd1 Nd7 26. Nb3 Nb6 27. Rxb2
Bxb2 28. Rb1 Na4 29. Be2 Rc6 30. Kf1 Be5 31. Rd1 Nc3 32. Rd2 Bf4 33. Rd4 Nxe2
34. Kxe2 Rxc2+ 35. Kf1 Rxa2 36. Rxd5 Rb2 37. Nc5 Rb1+ 38. Ke2 Rb2+ 39. Kf1 e3
40. fxe3 Bg3 41. Nxa6 Rf2+ 42. Kg1 Ra2 0-1

[Event "Liga Madrileña - DH 2014-2015"]
[Site "Madrid ESP"]
[Date "2014.11.30"]
[Round "2.16"]
[White "Cobo Diego, Fidel"]
[Black "Plazuelo Pascual, Juan"]
[Result "0-1"]
[WhiteElo "2035"]
[BlackElo "2122"]
[PlyCount "94"]
[EventDate "2014.11.23"]
[EventType "team-tourn"]
[EventRounds "14"]
[EventCountry "ESP"]
[Source "lmi"]
[SourceDate "2014.11.23"]
[WhiteTeam "Moratalaz"]
[BlackTeam "Virgen de Atocha"]
[WhiteTeamCountry "ESP"]
[BlackTeamCountry "ESP"]

1. e4 e6 2. d4 d5 3. Nc3 Nf6 4. Bg5 Bb4 5. e5 h6 6. Bd2 Bxc3 7. bxc3 Ne4 8. Nf3
c5 9. Bb5+ Bd7 10. Bxd7+ Qxd7 11. a4 Nc6 12. dxc5 Qc7 13. O-O Nxe5 14. Nxe5
Qxe5 15. Qe2 Qc7 16. Be3 O-O 17. c4 Rfe8 18. cxd5 exd5 19. Qd3 Rad8 20. Qd4 f5
21. f3 Ng5 22. Bxg5 hxg5 23. Rab1 Re2 24. c4 Qe5 25. Rbd1 Qxd4+ 26. Rxd4 Rc2
27. Rxd5 Rxd5 28. cxd5 Rxc5 29. d6 Rd5 30. Rb1 b6 31. a5 Rxd6 32. axb6 axb6 33.
Rb5 g6 34. g4 Rf6 35. Kf2 fxg4 36. Rxg5 gxf3 37. h4 Kf7 38. h5 gxh5 39. Rxh5
Ke6 40. Rb5 Kd7 41. Rb1 Kc6 42. Rc1+ Kb7 43. Ke3 f2 44. Rf1 b5 45. Kd3 Kc6 46.
Rc1+ Kd5 47. Rf1 b4 0-1

[Event "Liga Madrileña - DH 2014-2015"]
[Site "Madrid ESP"]
[Date "2014.12.13"]
[Round "3.11"]
[White "Espinosa Aranda, Angel"]
[Black "Taboas Rodriguez, Daniel"]
[Result "1/2-1/2"]
[WhiteElo "2399"]
[BlackElo "2399"]
[PlyCount "44"]
[EventDate "2014.11.23"]
[EventType "team-tourn"]
[EventRounds "14"]
[EventCountry "ESP"]
[Source "lmi"]
[SourceDate "2014.11.23"]
[WhiteTeam "64 Villalba"]
[BlackTeam "Blanco y Negro"]
[WhiteTeamCountry "ESP"]
[BlackTeamCountry "ESP"]

1. e4 e6 2. d4 d5 3. Nd2 c5 4. exd5 exd5 5. Ngf3 Nc6 6. Bb5 Bd6 7. dxc5 Bxc5 8.
O-O Nge7 9. Nb3 Bd6 10. Re1 O-O 11. Bd3 Nf5 12. Bg5 Qc7 13. h3 h6 14. Bd2 Be6
15. Bc3 Rfe8 16. Bxf5 Bxf5 17. Qxd5 Bxc2 18. Nbd4 Rxe1+ 19. Rxe1 Nxd4 20. Nxd4
Rd8 21. Qf3 Bg6 22. Nf5 Bxf5 1/2-1/2

[Event "Liga Madrileña - DH 2014-2015"]
[Site "Madrid ESP"]
[Date "2014.12.13"]
[Round "3.12"]
[White "Bolado Saez, Sergio"]
[Black "Longa Yauca, Javier"]
[Result "0-1"]
[WhiteElo "2358"]
[BlackElo "2284"]
[PlyCount "60"]
[EventDate "2014.11.23"]
[EventType "team-tourn"]
[EventRounds "14"]
[EventCountry "ESP"]
[Source "lmi"]
[SourceDate "2014.11.23"]
[WhiteTeam "Blanco y Negro"]
[BlackTeam "64 Villalba"]
[WhiteTeamCountry "ESP"]
[BlackTeamCountry "ESP"]

1. d4 Nf6 2. c4 e6 3. Nf3 b6 4. g3 Ba6 5. Qc2 d5 6. cxd5 exd5 7. Bf4 Bd6 8. Ne5
O-O 9. Bg2 c5 10. dxc5 bxc5 11. Nd3 c4 12. Bxd6 cxd3 13. Qc7 dxe2 14. Nc3 Nbd7
15. Qc6 Nb6 16. Bxf8 Qxf8 17. Qc7 d4 18. Bxa8 Qxa8 19. Nxe2 Qxh1+ 20. Kd2 Qe4
21. Qd8+ Ne8 22. Nxd4 Qd3+ 23. Ke1 Qf1+ 24. Kd2 Qxf2+ 25. Kc3 Qe3+ 26. Kb4 Qd2+
27. Ka3 Nc4+ 28. Ka4 Ncd6 29. Qh4 Qxb2 30. Nb3 Bc4 0-1

[Event "Liga Madrileña - DH 2014-2015"]
[Site "Madrid ESP"]
[Date "2014.12.13"]
[Round "3.13"]
[White "Bermejo Martinez, Jorge"]
[Black "Alarcia Astiz, Carlos"]
[Result "1-0"]
[WhiteElo "2308"]
[BlackElo "2337"]
[PlyCount "91"]
[EventDate "2014.11.23"]
[EventType "team-tourn"]
[EventRounds "14"]
[EventCountry "ESP"]
[Source "lmi"]
[SourceDate "2014.11.23"]
[WhiteTeam "64 Villalba"]
[BlackTeam "Blanco y Negro"]
[WhiteTeamCountry "ESP"]
[BlackTeamCountry "ESP"]

1. d4 Nf6 2. c4 e6 3. g3 d5 4. Nf3 c6 5. Bg2 Bd6 6. Qc2 Nbd7 7. O-O O-O 8. Nbd2
Re8 9. Rd1 Qe7 10. e4 Nxe4 11. Nxe4 dxe4 12. Qxe4 Nf6 13. Qh4 c5 14. Bg5 h6 15.
Bxf6 Qxf6 16. Qxf6 gxf6 17. d5 e5 18. Nh4 e4 19. Re1 f5 20. Bh3 Re5 21. f4 exf3
22. Rxe5 Bxe5 23. Re1 Bd4+ 24. Kf1 Kf8 25. Bxf5 b5 26. Bxc8 Rxc8 27. b3 f2 28.
Rb1 Rb8 29. cxb5 Rd8 30. Nf5 Rxd5 31. Nxd4 Rxd4 32. Rc1 Rd5 33. Rc2 Ke7 34.
Kxf2 Kd6 35. Ke3 Re5+ 36. Kd3 Rf5 37. Kc4 Rd5 38. Kc3 Rf5 39. Rd2+ Ke6 40. Kc4
Re5 41. a4 Re4+ 42. Kxc5 Re5+ 43. Kc6 Re3 44. Kb7 Rxb3 45. Kxa7 Rb4 46. Ra2 1-0

[Event "Liga Madrileña - DH 2014-2015"]
[Site "Madrid ESP"]
[Date "2014.12.13"]
[Round "3.14"]
[White "Renteria Becerra, Jorge Elicer"]
[Black "Lopez del Alamo, Antonio"]
[Result "1/2-1/2"]
[WhiteElo "2253"]
[BlackElo "2260"]
[PlyCount "62"]
[EventDate "2014.11.23"]
[EventType "team-tourn"]
[EventRounds "14"]
[EventCountry "ESP"]
[Source "lmi"]
[SourceDate "2014.11.23"]
[WhiteTeam "64 Villalba"]
[BlackTeam "Blanco y Negro"]
[WhiteTeamCountry "ESP"]
[BlackTeamCountry "ESP"]

1. e4 c5 2. Nf3 e6 3. d4 cxd4 4. Nxd4 Nf6 5. Nc3 Nc6 6. Ndb5 d6 7. Bf4 e5 8.
Bg5 a6 9. Na3 b5 10. Bxf6 gxf6 11. Nd5 Bg7 12. c3 Ne7 13. g3 O-O 14. Nxe7+ Qxe7
15. Bg2 Rb8 16. Nc2 f5 17. exf5 Bxf5 18. Nb4 Rbc8 19. Nxa6 d5 20. Nb4 d4 21.
O-O Be6 22. Qd2 dxc3 23. bxc3 Rfd8 24. Qe3 Qc5 25. Qxc5 Rxc5 26. Rfd1 Rxd1+ 27.
Rxd1 Rxc3 28. Bf1 Bf8 29. Nd5 Rc2 30. Bxb5 Rxa2 31. Bc4 Bxd5 1/2-1/2

[Event "Liga Madrileña - DH 2014-2015"]
[Site "Madrid ESP"]
[Date "2014.12.13"]
[Round "3.15"]
[White "Cabanas Jimenez, Andres"]
[Black "Martinez Lozano, Miguel Angel"]
[Result "1-0"]
[WhiteElo "2212"]
[BlackElo "2203"]
[PlyCount "77"]
[EventDate "2014.11.23"]
[EventType "team-tourn"]
[EventRounds "14"]
[EventCountry "ESP"]
[Source "lmi"]
[SourceDate "2014.11.23"]
[WhiteTeam "64 Villalba"]
[BlackTeam "Blanco y Negro"]
[WhiteTeamCountry "ESP"]
[BlackTeamCountry "ESP"]

1. e4 c5 2. Nc3 a6 3. g3 b5 4. Bg2 Bb7 5. d3 e6 6. f4 d5 7. e5 Nc6 8. Nf3 Nh6
9. Ne2 Be7 10. d4 Nf5 11. c3 Qb6 12. g4 Nh4 13. O-O Nxf3+ 14. Bxf3 cxd4 15.
cxd4 b4 16. Be3 a5 17. Re1 Ba6 18. Ng3 O-O 19. g5 Qa7 20. f5 Bd8 21. Qd2 Bxg5
22. Bxg5 Nxd4 23. Kg2 exf5 24. Be3 Nxf3 25. Kxf3 Qd7 26. Bd4 Rac8 27. Rac1 Qe6
28. Qg5 Bd3 29. Nh5 Be4+ 30. Kf4 Qg6 31. Qxg6 fxg6 32. Ng3 Kf7 33. Ne2 Bd3 34.
Bc5 Rfe8 35. Nd4 Bc4 36. Bd6 Bxa2 37. e6+ Kg8 38. Nb5 d4 39. Nc7 1-0

[Event "Liga Madrileña - DH 2014-2015"]
[Site "Madrid ESP"]
[Date "2014.12.13"]
[Round "3.16"]
[White "Garrido Olivares, Ricard"]
[Black "Cabanas Jimenez, Manuel"]
[Result "1-0"]
[WhiteElo "2181"]
[BlackElo "2127"]
[PlyCount "67"]
[EventDate "2014.11.23"]
[EventType "team-tourn"]
[EventRounds "14"]
[EventCountry "ESP"]
[Source "lmi"]
[SourceDate "2014.11.23"]
[WhiteTeam "Blanco y Negro"]
[BlackTeam "64 Villalba"]
[WhiteTeamCountry "ESP"]
[BlackTeamCountry "ESP"]

1. c4 Nf6 2. g3 g6 3. Nc3 d5 4. cxd5 Nxd5 5. Bg2 Nxc3 6. bxc3 Bg7 7. Rb1 c6 8.
Qc2 Qa5 9. Nf3 Nd7 10. O-O O-O 11. d4 Qa6 12. e4 Nb6 13. Re1 Be6 14. d5 cxd5
15. Ng5 Bd7 16. exd5 h6 17. Ne4 Ba4 18. Qb2 Rac8 19. Be3 Nxd5 20. Nc5 Rxc5 21.
Bxc5 Nxc3 22. Qxb7 Qc4 23. Bxe7 Re8 24. Bf1 Qxa2 25. Rb2 Qd5 26. Bg2 Qc4 27.
Rb4 Qd3 28. Rxa4 Nxa4 29. Qc6 Rxe7 30. Rxe7 Nc3 31. Bf3 a5 32. Qe8+ Kh7 33.
Qxf7 Qd4 34. Re8 1-0

[Event "Liga Madrileña - DH 2014-2015"]
[Site "Madrid ESP"]
[Date "2014.12.14"]
[Round "3.31"]
[White "Fernandez Lledo, Javier"]
[Black "Vazquez Igarza, Renier"]
[Result "1/2-1/2"]
[WhiteElo "2256"]
[BlackElo "2597"]
[PlyCount "73"]
[EventDate "2014.11.23"]
[EventType "team-tourn"]
[EventRounds "14"]
[EventCountry "ESP"]
[Source "lmi"]
[SourceDate "2014.11.23"]
[WhiteTeam "Pueblo Nuevo"]
[BlackTeam "Collado Villalba"]
[WhiteTeamCountry "ESP"]
[BlackTeamCountry "ESP"]

1. e4 c5 2. Nf3 e6 3. d4 cxd4 4. Nxd4 a6 5. Bd3 Qb6 6. Nb3 Qc7 7. Qe2 d6 8. O-O
Nf6 9. c4 Be7 10. Nc3 O-O 11. Be3 b6 12. f4 Bb7 13. Rac1 Nbd7 14. g4 Nc5 15.
Nxc5 bxc5 16. g5 Nd7 17. Rf3 g6 18. Rh3 f5 19. exf5 exf5 20. Bd2 Rf7 21. Nd5
Bxd5 22. cxd5 Bf8 23. Bc3 Bg7 24. Bxa6 Nb6 25. Re3 Bxc3 26. bxc3 Kg7 27. Rd1 c4
28. Bb5 Qc5 29. Bc6 Ra3 30. Kg2 Rxa2 31. Rd2 Ra1 32. h4 h5 33. Rd4 Raa7 34. Kh2
Qa5 35. Kg2 Qa1 36. Rd1 Qa5 37. Rd4 1/2-1/2

[Event "Liga Madrileña - DH 2014-2015"]
[Site "Madrid ESP"]
[Date "2014.12.14"]
[Round "3.32"]
[White "Arribas Lopez, Angel"]
[Black "Nieto de la Cruz, Julio"]
[Result "1-0"]
[WhiteElo "2537"]
[BlackElo "2178"]
[PlyCount "51"]
[EventDate "2014.11.23"]
[EventType "team-tourn"]
[EventRounds "14"]
[EventCountry "ESP"]
[Source "lmi"]
[SourceDate "2014.11.23"]
[WhiteTeam "Collado Villalba"]
[BlackTeam "Pueblo Nuevo"]
[WhiteTeamCountry "ESP"]
[BlackTeamCountry "ESP"]

1. c4 c5 2. Nf3 Nc6 3. g3 g6 4. Bg2 Bg7 5. Nc3 d6 6. Rb1 a6 7. a3 Bf5 8. d3 Rb8
9. h4 b5 10. cxb5 axb5 11. h5 b4 12. axb4 Nxb4 13. Ra1 e5 14. Ne4 gxh5 15. Rxh5
Bg6 16. Rh1 Ne7 17. Qa4+ Nec6 18. Nh4 O-O 19. Nxg6 hxg6 20. Bg5 f6 21. Be3 Rf7
22. Nxc5 dxc5 23. Bxc6 Bf8 24. Bf3 Nd5 25. Qh4 Rg7 26. Qc4 1-0

[Event "Liga Madrileña - DH 2014-2015"]
[Site "Madrid ESP"]
[Date "2014.12.14"]
[Round "3.33"]
[White "Iturbide Arnedo, Oscar"]
[Black "Moreno Ruiz, Javier"]
[Result "0-1"]
[WhiteElo "2168"]
[BlackElo "2470"]
[PlyCount "48"]
[EventDate "2014.11.23"]
[EventType "team-tourn"]
[EventRounds "14"]
[EventCountry "ESP"]
[Source "lmi"]
[SourceDate "2014.11.23"]
[WhiteTeam "Pueblo Nuevo"]
[BlackTeam "Collado Villalba"]
[WhiteTeamCountry "ESP"]
[BlackTeamCountry "ESP"]

1. e4 e6 2. d4 d5 3. e5 c5 4. c3 Qb6 5. Nf3 Nc6 6. a3 f6 7. Bd3 fxe5 8. dxe5 c4
9. Bc2 Nh6 10. O-O g6 11. Qe2 Bg7 12. Be3 Qc7 13. Bd4 O-O 14. Nbd2 Nf5 15. Rfd1
Qe7 16. b3 Nfxd4 17. cxd4 cxb3 18. Nxb3 Bh6 19. h4 Bd7 20. Nc5 Nxd4 21. Nxd4
Qxc5 22. h5 Rf4 23. Nb3 Qb6 24. hxg6 Rxf2 0-1

[Event "Liga Madrileña - DH 2014-2015"]
[Site "Madrid ESP"]
[Date "2014.12.14"]
[Round "3.34"]
[White "Martinez Rodriguez, Pablo"]
[Black "Navarro Nicolas, Victor Manuel"]
[Result "1/2-1/2"]
[WhiteElo "2281"]
[BlackElo "2156"]
[PlyCount "42"]
[EventDate "2014.11.23"]
[EventType "team-tourn"]
[EventRounds "14"]
[EventCountry "ESP"]
[Source "lmi"]
[SourceDate "2014.11.23"]
[WhiteTeam "Collado Villalba"]
[BlackTeam "Pueblo Nuevo"]
[WhiteTeamCountry "ESP"]
[BlackTeamCountry "ESP"]

1. d4 Nf6 2. c4 g6 3. Nc3 d5 4. cxd5 Nxd5 5. e4 Nxc3 6. bxc3 Bg7 7. Be3 c5 8.
Qd2 Qa5 9. Rb1 b6 10. Bb5+ Bd7 11. Bd3 Bc6 12. Ne2 Nd7 13. O-O Rd8 14. Bh6 O-O
15. Bxg7 Kxg7 16. Qb2 Ne5 17. Bc2 Nc4 18. Qc1 Na3 19. Rb2 Nc4 20. Rb1 Na3 21.
Rb2 Nc4 1/2-1/2

[Event "Liga Madrileña - DH 2014-2015"]
[Site "Madrid ESP"]
[Date "2014.12.14"]
[Round "3.35"]
[White "Barez Menendez, Hector"]
[Black "Bermejo Arruego, Luis"]
[Result "0-1"]
[WhiteElo "2144"]
[BlackElo "2174"]
[PlyCount "78"]
[EventDate "2014.11.23"]
[EventType "team-tourn"]
[EventRounds "14"]
[EventCountry "ESP"]
[Source "lmi"]
[SourceDate "2014.11.23"]
[WhiteTeam "Pueblo Nuevo"]
[BlackTeam "Collado Villalba"]
[WhiteTeamCountry "ESP"]
[BlackTeamCountry "ESP"]

1. d4 d5 2. c4 e6 3. Nf3 c6 4. cxd5 exd5 5. Nc3 Bf5 6. Bg5 Qb6 7. Qd2 Nd7 8. e3
h6 9. Bh4 Ngf6 10. Bxf6 Nxf6 11. Bd3 Bxd3 12. Qxd3 Qxb2 13. Rb1 Qa3 14. O-O Bb4
15. Rb3 Qa5 16. Ne2 O-O 17. Qb1 Bd6 18. Rxb7 Rab8 19. Rxb8 Rxb8 20. Qc2 Ne4 21.
Rb1 Rb4 22. Rxb4 Qxb4 23. g3 Qc4 24. Qxc4 dxc4 25. Ne1 f5 26. Nc2 Kf7 27. f3
Nf6 28. Kf2 g5 29. Nc3 Bc7 30. Na3 Nd5 31. Ne2 Nb4 32. Nc1 c3 33. Ke2 f4 34.
gxf4 gxf4 35. h3 fxe3 36. Nc4 Nd5 37. Nd3 c2 38. Nc1 Bf4 39. Na5 Nc3+ 0-1

[Event "Liga Madrileña - DH 2014-2015"]
[Site "Madrid ESP"]
[Date "2014.12.14"]
[Round "3.36"]
[White "Cao Armillas, Jesus"]
[Black "De la Puerta Cresis, Javier"]
[Result "1-0"]
[WhiteElo "2113"]
[BlackElo "2097"]
[PlyCount "63"]
[EventDate "2014.11.23"]
[EventType "team-tourn"]
[EventRounds "14"]
[EventCountry "ESP"]
[Source "lmi"]
[SourceDate "2014.11.23"]
[WhiteTeam "Collado Villalba"]
[BlackTeam "Pueblo Nuevo"]
[WhiteTeamCountry "ESP"]
[BlackTeamCountry "ESP"]

1. d4 Nf6 2. c4 c5 3. d5 d6 4. Nc3 g6 5. e4 Bg7 6. Bd3 O-O 7. Nge2 e6 8. Bg5
exd5 9. cxd5 a6 10. a4 Qc7 11. Qd2 Re8 12. O-O Nbd7 13. Bc2 Rb8 14. Rab1 c4 15.
b4 cxb3 16. Rxb3 Nc5 17. Rb4 Bd7 18. f3 Rbc8 19. Kh1 Nh5 20. g4 Nf6 21. Qf4 Qa5
22. Rfb1 Nxg4 23. fxg4 Nxe4 24. Bxe4 Bxc3 25. Nxc3 Rxc3 26. Qf6 Rh3 27. Rf1 Rf8
28. Bd2 Qd8 29. Qxd8 Rxd8 30. Rxb7 Be8 31. Bf3 Rc8 32. Kg2 1-0

[Event "Liga Madrileña - DH 2014-2015"]
[Site "Madrid ESP"]
[Date "2014.12.14"]
[Round "3.41"]
[White "Candela Perez, Jose"]
[Black "Rubio Mejia, Luis Ignacio"]
[Result "1/2-1/2"]
[WhiteElo "2430"]
[BlackElo "2453"]
[PlyCount "114"]
[EventDate "2014.11.23"]
[EventType "team-tourn"]
[EventRounds "14"]
[EventCountry "ESP"]
[Source "lmi"]
[SourceDate "2014.11.23"]
[WhiteTeam "La Casa del Ajedrez"]
[BlackTeam "Virgen de Atocha"]
[WhiteTeamCountry "ESP"]
[BlackTeamCountry "ESP"]

1. d4 Nf6 2. c4 e6 3. Nf3 b6 4. a3 Bb7 5. Nc3 d5 6. cxd5 Nxd5 7. Qc2 Be7 8. e4
Nxc3 9. bxc3 O-O 10. Bd3 c5 11. O-O Qc7 12. Qe2 Nc6 13. Bb2 Rfd8 14. Rad1 e5
15. Nxe5 Nxe5 16. dxe5 Qxe5 17. f4 Qc7 18. c4 Qc6 19. Rf3 f6 20. Rh3 Bc8 21. f5
Bd6 22. Qh5 h6 23. Qg6 Qe8 24. Rxh6 Qxg6 25. Rxg6 Kf7 26. Be2 Bc7 27. Rxd8 Bxd8
28. g4 Bb7 29. e5 fxe5 30. Bxe5 Bf6 31. Bxf6 gxf6 32. Kf2 Rh8 33. Kg3 Re8 34.
Kf2 Rh8 35. Kg1 Rh3 36. a4 Ra3 37. h4 Rxa4 38. h5 Ra1+ 39. Bf1 Rd1 40. h6 Be4
41. Kf2 a5 42. Rg7+ Kf8 43. g5 fxg5 44. f6 Rd6 45. Ke3 Rxf6 46. Kxe4 Rxf1 47.
Rxg5 Rh1 48. Rg6 a4 49. Rxb6 a3 50. Ra6 a2 51. Rxa2 Rxh6 52. Kd5 Ke7 53. Kxc5
Kd7 54. Kb5 Kc7 55. c5 Rg6 56. Ra7+ Kc8 57. Rh7 Rf6 1/2-1/2

[Event "Liga Madrileña - DH 2014-2015"]
[Site "Madrid ESP"]
[Date "2014.12.14"]
[Round "3.42"]
[White "Martinez Martin, David"]
[Black "Bass, Leonid"]
[Result "1-0"]
[WhiteElo "2407"]
[BlackElo "2391"]
[PlyCount "71"]
[EventDate "2014.11.23"]
[EventType "team-tourn"]
[EventRounds "14"]
[EventCountry "ESP"]
[Source "lmi"]
[SourceDate "2014.11.23"]
[WhiteTeam "Virgen de Atocha"]
[BlackTeam "La Casa del Ajedrez"]
[WhiteTeamCountry "ESP"]
[BlackTeamCountry "ESP"]

1. d4 Nf6 2. Nf3 e6 3. e3 b6 4. Bd3 Bb7 5. O-O Be7 6. c4 O-O 7. Nc3 d5 8. b3 c5
9. cxd5 cxd4 10. Nxd4 Nxd5 11. Nxd5 Qxd5 12. f3 Qh5 13. Bb2 Nd7 14. Nxe6 fxe6
15. Bxh7+ Qxh7 16. Qxd7 Bc5 17. Qxb7 Bxe3+ 18. Kh1 Bf4 19. g3 Bxg3 20. Qxg7+
Qxg7 21. Bxg7 Kxg7 22. hxg3 Rac8 23. Rf2 Rc3 24. Kg2 Rfc8 25. Re1 Kf6 26. g4 b5
27. Kg3 Rc2 28. Ree2 Rxe2 29. Rxe2 b4 30. Rh2 Rc6 31. Rh6+ Kg7 32. g5 Ra6 33.
f4 Kf7 34. Rh2 Kg8 35. Kg4 Kg7 36. Kh5 1-0

[Event "Liga Madrileña - DH 2014-2015"]
[Site "Madrid ESP"]
[Date "2014.12.14"]
[Round "3.44"]
[White "Vazquez Torres, Adrian"]
[Black "Suarez Uriel, Adrian"]
[Result "0-1"]
[WhiteElo "2198"]
[BlackElo "2283"]
[PlyCount "76"]
[EventDate "2014.11.23"]
[EventType "team-tourn"]
[EventRounds "14"]
[EventCountry "ESP"]
[Source "lmi"]
[SourceDate "2014.11.23"]
[WhiteTeam "Virgen de Atocha"]
[BlackTeam "La Casa del Ajedrez"]
[WhiteTeamCountry "ESP"]
[BlackTeamCountry "ESP"]

1. e4 d6 2. d4 Nf6 3. Nc3 e5 4. dxe5 dxe5 5. Qxd8+ Kxd8 6. Bg5 Be6 7. O-O-O+
Nbd7 8. f4 exf4 9. e5 h6 10. Bxf4 Ng4 11. Rd2 g5 12. h3 gxf4 13. hxg4 Bc5 14.
Kb1 Be3 15. Rd1 Bxg4 16. Be2 Be6 17. Nd5 Bxd5 18. Rxd5 c6 19. Rd1 Ke7 20. Nf3
Rag8 21. Rh2 Nc5 22. c3 Ne4 23. Bc4 Rg3 24. Bb3 Nf2 25. Rd6 Ng4 26. Rh1 Bc5 27.
Rd2 Ne3 28. Rh5 Nxg2 29. e6 fxe6 30. Re5 Rg6 31. Rxc5 Ne3 32. Re5 b5 33. a3 h5
34. Rh2 Ng4 35. Rd2 Nxe5 36. Nxe5 Rg7 37. Kc2 a6 38. Nf3 Rgh7 0-1